000 00586cam a2200181 i 4500
005 20250901165253.0
008 760422s1976 nyu b 001 0 eng
010 _a 75036210
020 _a0275855600 :
_c$4.95
050 0 0 _aHM48 .S24 1976
_b.S24 1976
082 0 0 _a301.07/2
100 1 _aSanders, William B.,
_d1944-
_ecomp.
245 1 4 _aThe sociologist as detective :
_ban introduction to research methods /
_cedited with introd. and exercises by William B. Sanders.
250 _a2d ed.
260 _aNew York :
_bPraeger,
_c1976.
300 _axi, 292 p. ;
_c21 cm.
942 _2ddc
999 _c1331
_d1331